000 00579nam a22002537a 4500
003 UA-OsUOA
001 22344
007 ta
008 20031218b un ||||| |||| 00| 0 ukr d
100 _aСабуров А.С.
090 _a159.9
_bС54
942 _cBK
040 _aUA-OsUOA
_brus
_cUA-OsUOA
_dUA-OsUOA
245 _aПсихология
_bКурс лекций
300 _a208 с.
955 _a0
041 _arus
080 _a159.9
020 _a5-8238-03-282-Х
260 _aКиев
_bЛекс
_c1996
044 _aUA
650 7 _2UDC
999 _c308562
_d308562